=LDR 00000nam 2200000 4500 =001 INLIS000000000010167 =005 20130612101900 =008 ***********************************Ind** =035 ##$$0010-061300000010167 =041 ##$$a Ind =082 ##$$a 387.095 98 =090 ##$$a 387.095 98, Sug k =100 ##$$a Sugeng, Wartini =245 ##$$a Kebangsaan kapal Indonesia, Wartini Soegeng, SH, C.N =260 ##$$a 2003 $b Bandung =300 ##$$a viii, 163 hlm, 23 cm =650 ##$$a Kapal Indonesia =850 ##$$a NBPNMAT